| 000 | 01195cad a22002295a 4500 | ||
|---|---|---|---|
| 001 | L147018 | ||
| 008 | 090324s2009 xxkd f s f000 0 eng u | ||
| 035 | _a(Sirsi) u147018 | ||
| 041 | _aeng | ||
| 050 | 0 | _a333.33 $2 18 | |
| 110 | 2 |
_aValuation Office Agency _93141 |
|
| 245 | 0 | 0 |
_aProperty market report _bJanuary 2009 _h[electronic resource] |
| 260 |
_aLondon _bVOA _c2009 |
||
| 505 | 2 | _aEconomic indicators -- Agricultural land and property -- Agricultural land forecasts -- Residential building land figures -- Residential building land forecasts -- Housing market -- Shopping centre yields -- Shops -- Offices -- Industry -- Industrial land -- Minerals -- Methodology -- Map of England and Wales counties and government regions | |
| 520 | _aThe January 2009 edition of this bi-annual report provides valuations for typical properties in all major property sectors across the UK, based on local market evidence. | ||
| 521 | _aAdvanced | ||
| 590 | _aKA NTK | ||
| 651 | 4 |
_aUnited Kingdom _y |
|
| 690 | _aPROPERTY-PROPERTY MARKET | ||
| 856 | 4 | 0 |
_uhttps://www.voa.gov.uk/publications/property_market_report/pmr-jan-09.htm _zView the report free of charge at www.voa.gov.uk... |
| 942 | _n0 | ||
| 999 |
_c109405 _d109405 |
||